000 01001naa a22002777a 4500
001 BR6007296
003 BR-BrBNA
005 20240918172926.0
007 ta
008 230509b bl.||||| |||| 00| 0 por d
040 _aBR-BrBNA
_bpor
_cBiblioteca Nacional de Agricultura
041 _a(Pt)
072 _aC00; S00
_b0336
_bG514
090 _aC00 BR6007296
100 1 _aPereira, L.
111 1 _aSoja Brasileira - Realidade e Perspectivas
_cPorto Alegre, RS (Brazil)
_d5 Jul 1976
245 1 _aAspectos educacionais para utilizacao da soja no meio rural brasileiro
260 3 _aPorto Alegre, RS (Brasil):
_c1976.
500 _aSoja brasileira realidade e perspectivas Porto Alegre, RS (Brasil): 1976. p. 133-135 (BR6007296-AM)C00
650 _aNUTRICAO HUMANA
650 _aSOJA
650 _aALIMENTACAO
773 0 _tSoja brasileira realidade e perspectivas
_wC00 BR6007296
_gPorto Alegre, RS (Brasil), 1976. p. 133-135
909 _a202404
_bLucia
_c55
_dLucia Elande
942 _cAM
_2AGRIS
999 _c302098
_d302098